000 00830cam a22002535i 4500
999 _c7362
_d7362
003 OSt
005 20260515062531.0
008 210604s2021 sp 000 0 spa
010 _a 2021359719
020 _a9788418550331
035 _a(SP-BaPL)pu210704188
040 _aDLC
_beng
_cDLC
_erda
042 _apcc
100 1 _aToll, Gill
_93885
_d1963-
245 1 3 _aEl Diluvio, la prensa y la Segunda República /
_cGil Toll.
264 1 _aBarcelona :
_bIcària,
_c2021.
300 _a358 pàgines :
_bil·lustracions
_c22 cm.
490 0 _aIcaria Antrazyt ;
_v514
610 0 _aEl Diluvio (Diari)
_bHistòria
_xHistòria
_94655
856 4 2 _uhttp://www.puvill.com/toc/9788418550331.pdf
_zTable of contents
906 _a0
_bibc
_corigres
_d2
_encip
_f20
_gy-gencatlg
942 _2udc
_cMON